Stuart A. Schlegel, Tiruray-English Lexicon

Bibliographic Details
Main Author: Genzor, Jozef, 1939-2019 (Author)
Format: Article
Language:English

MARC

LEADER 00000nab a2200000ua 4500
001 vtls010840416
003 SK-MaSNL
005 20260303144230.0
008 230222s1973 xo |||||||||||||||||eng|
035 |a (urnnbn)urn:nbn:sk:snk:ar-a06xh8 
035 |a urn:nbn:sk:snk-ab637c 
035 |a (uuid)a96ddf74-932c-4f98-b8fd-725ad1b3ded2 
040 |a SNKBUCL  |b slo  |c SNKBUCL  |e AACR2 
041 0 |a eng 
044 |a xo  |c SK 
100 1 |a Genzor, Jozef,  |d 1939-2019  |4 aut  |9 100096 
245 1 0 |a Stuart A. Schlegel, Tiruray-English Lexicon  |c Jozef Genzor 
773 0 |t Asian and African studies  |g Roč. 9, č. 1 (1973), s. 198 
958 |a OND 
958 |a EUIPO 
958 |a article5 
999 |c 1995672  |d 1997602